|
|
|
|
| LEADER |
00000nbm0a2200000 4500 |
| 001 |
226911 |
| 005 |
20231101230749.0 |
| 035 |
|
|
|a (RuTPU)RU\TPU\book\247303
|
| 090 |
|
|
|a 226911
|
| 100 |
|
|
|a 20121128j1974 k y0rusy50 ca
|
| 101 |
0 |
|
|a rus
|
| 102 |
|
|
|a RU
|
| 105 |
|
|
|a a m 001zy
|
| 200 |
1 |
|
|a Исследование процессов получения стеатитовой керамики с заданными диэлектрическими свойствами
|e диссертация на соискание ученой степени кандидата технических наук
|f Ю. И. Алексеев
|g Томский политехнический институт (ТПИ) ; науч. рук. П. Г. Усов, В. А. Лукутин
|
| 210 |
|
|
|a Томск
|c [Б. и.]
|d 1974
|
| 215 |
|
|
|a 183 л.
|c ил.
|
| 320 |
|
|
|a Библиогр.: с. 174-183.
|
| 606 |
1 |
|
|a Керамика стеатитовая
|2 stltpush
|3 (RuTPU)RU\TPU\subj\34873
|9 56712
|
| 610 |
1 |
|
|a стеатитовая керамика
|
| 610 |
1 |
|
|a получение
|
| 610 |
1 |
|
|a процессы
|
| 610 |
1 |
|
|a диэлектрические свойства
|
| 610 |
1 |
|
|a диссертации
|
| 610 |
1 |
|
|a электропроводность
|
| 610 |
1 |
|
|a статоры
|
| 610 |
1 |
|
|a роторы
|
| 675 |
|
|
|a 666.65(04)
|v 3
|
| 700 |
|
1 |
|a Алексеев
|b Ю. И.
|
| 702 |
|
1 |
|a Усов
|b П. Г.
|4 727
|
| 702 |
|
1 |
|a Лукутин
|b В. А.
|4 727
|
| 712 |
0 |
2 |
|a Томский политехнический институт (ТПИ)
|c (1944-1991)
|2 stltpush
|3 (RuTPU)RU\TPU\col\1123
|
| 801 |
|
1 |
|a RU
|b 63413507
|c 20121128
|
| 801 |
|
2 |
|a RU
|b 63413507
|c 20130305
|g RCR
|
| 942 |
|
|
|c BK
|